Countries that 𝗮𝗿𝗲 the Minions - Statistics

General Stats
  • This quiz has been taken 23 times
  • The average score is 20 of 57
Answers on the Map
Answers color-coded by a green-red scale on the quiz's map according to % correct below.
 
Answer Stats
Answer % Correct
Canada
80%
Belize
50%
Bolivia
50%
Suriname
50%
Uruguay
50%
Niger
45%
Tuvalu
45%
Bangladesh
40%
Belarus
40%
Cambodia
40%
Equatorial Guinea
40%
Eritrea
40%
Guyana
40%
Malta
40%
Moldova
40%
Nepal
40%
Nigeria
40%
North Macedonia
40%
Portugal
40%
Slovenia
40%
Togo
40%
Andorra
35%
Botswana
35%
Cameroon
35%
Czechia
35%
Djibouti
35%
Iraq
35%
Laos
35%
Luxembourg
35%
Micronesia
35%
Papua New Guinea
35%
Romania
35%
Sri Lanka
35%
Turkey
35%
Uzbekistan
35%
Zimbabwe
35%
Bahrain
30%
East Timor
30%
Ghana
30%
Jordan
30%
Kyrgyzstan
30%
Lithuania
30%
Marshall Islands
30%
Palau
30%
Tunisia
30%
Turkmenistan
30%
Vanuatu
30%
Armenia
25%
Burkina Faso
25%
Burundi
25%
Cote D'ivoire
25%
Eswatini
25%
Malawi
25%
Mauritius
25%
Singapore
25%
Namibia
20%
The Grenadines
20%
No matching quizzes found
Score Distribution
Percent of People with Each Score
Percentile by Number Answered
Your Score History
You have not taken this quiz